Statistics for Afro Eurasian Coast Lisbon North to Istanbul

Click here to take the quiz!

General Stats

  • This quiz has been taken 30 times
    (21 since last reset)
  • The average score is 28 of 500

Answer Stats

Country and LetterAnswer% Correct
Portugal LisbonLisbon
100%
Portugal PPorto
57%
Portugal BBraga
43%
Spain B CBasque Country
38%
Spain GGalicia
38%
Belgium AAntwerp
33%
Germany BBremen
33%
France BBrittany
33%
CongratsCongrats
33%
Russia KKaliningrad
33%
Germany L SLower Saxony
33%
Germany L SLower Saxony
33%
France NNormandy
33%
Netherlands N HNorth Holland
33%
Netherlands S HSouth Holland
33%
Russia S PSt Petersburg
33%
Egypt AAlexandria
29%
Algeria AAlgiers
29%
Turkey AAntalya
29%
South Korea BBusan
29%
Portugal CCoimbra
29%
Tanzania D e SDar es Salaam
29%
Djibouti DDjibouti City
29%
UAE DDubai
29%
Turkey IstanbulIstanbul
29%
Turkey IIzmir
29%
Angola LLuanda
29%
Oman MMuscat
29%
France P d l LPays de la Loire
29%
Libya TTripoli
29%
Tunisia TTunis
29%
UAE A DAbu Dhabi
24%
Spain AAsturias
24%
Israel C / T ACentral / Tel Aviv
24%
Israel / Palestine G SGaza Strip
24%
South Korea IIncheon
24%
Nigeria LLagos
24%
Russia LLeningrad
24%
Saudi Arabia MMadinah
24%
Saudi Arabia MMakkah
24%
Germany M VMecklenburg-Vorpommern
24%
Latvia RRiga
24%
Gemany S HSchleswig-Holstein
24%
Gerrmany S HSchleswig-Holstein
24%
Sweden SStockholm
24%
China TTianjin
24%
Netherlands UUtrecht
24%
Myanmar YYangon
24%
Netherlands ZZeeland
24%
Libya BBanghazi
19%
Thailand BBangkok
19%
Guinea Bissau BBissau
19%
Spain CCantabria
19%
Bangladesh CChittagong
19%
Senegal DDakar
19%
Netherlands GGroningen
19%
China GGuangdong
19%
India GGujarat
19%
India GGujarat
19%
Israel HHaifa
19%
Portugal LLeiria
19%
Russia LLeningrad
19%
Lebanon M L / BMount Lebanon / Beirut
19%
France N ANouvelle Aquitaine
19%
China SShanghai
19%
Norway TTroms
19%
Portugal V d CViana do Castelo
19%
India W BWest Bengal
19%
Ivory Coast AAbidjan
14%
Turkey AAdana
14%
Portugal AAveiro
14%
Turkey BBursa
14%
Angola CCabinda
14%
Morocco C SCasablanca-Settat
14%
South Africa E CEastern Cape
14%
Belgium E FEast Flanders
14%
Norway FFinnmark
14%
India GGoa
14%
India GGujarat
14%
France H d FHauts de France
14%
China HHebei
14%
South Korea IIncheon
14%
Russia KKamchatka
14%
Mozambique M/MMaputo Province / City
14%
Russia MMurmansk
14%
South Africa N CNorthern Cape
14%
Algeria OOran
14%
Thailand PPhuket
14%
Morocco R S KRabat-Sale-Kenitra
14%
Latvia RRiga / Riga City
14%
UAE SSharjah
14%
Sweden UUppsala
14%
South Africa W CWestern Cape
14%
Belgium W FWest Flanders
14%
Russia AArkhangelsk
10%
Gambia BBanjul
10%
Iraq BBasra
10%
Guinea CConakry
10%
Netherlands FFriesland
10%
China FFujian
10%
Netherlands GGelderland
10%
China HHebei
10%
Vietnam H C MHo Chi Minh
10%
China JJiangsu
10%
Russia KKarelia
10%
India KKerala
10%
Lithuania KKlaipeda
10%
South Africa K Z NKwaZulu-Natal
10%
Finland LLapland
10%
India MMaharashtra
10%
Denmark MMidtjylland
10%
Kenya MMombasa
10%
Israel NNorth
10%
Eritrea N R SNorthern Red Sea
10%
Mauritania NNouakchott
10%
Malaysia PPenang
10%
Poland PPommerania
10%
Egypt P SPort Said
10%
India P CPudu Cherry
10%
India P CPudu Cherry
10%
Sudan R SRed Sea
10%
Egypt R SRed Sea
10%
Tunisia SSfax
10%
China SShandong
10%
UAE SSharjah
10%
Israel SSouth
10%
Israel S DSouthern District
10%
Eritrea S R SSouthern Red Sea
10%
Finland S FSouthwest Finland
10%
Thailand S TSurat Thani
10%
India T NTamil Nadu
10%
India T NTamil Nadu
10%
India T NTamil Nadu
10%
Norway TTelemark
10%
South Korea UUlsan
10%
Turkey AAydin
5%
Turkey BBalikesir
5%
Pakistan BBalochistan
5%
Turkey CCanakkale
5%
Vietnam D NDa Nang
5%
Saudi Arabia E PEastern Province
5%
Saudi Arabia E PEastern Province
5%
China GGuangxi
5%
Turkey HHatay
5%
Russia KKhabarovsk
5%
Turkey KKocaeli
5%
RC K / P NKouilou / Pointe-Noire
5%
Thailand KKrabi
5%
Russia KKrasnoyarsk
5%
Syria LLatakia
5%
China LLiaoning
5%
Latvia LLiepaja / Liepaja City
5%
Malaysia MMalacca
5%
Turkey MMersin
5%
Denmark MMidtjylland
5%
Tunisia MMonastir
5%
Turkey MMugla
5%
Oman MMusandam
5%
Denmark NNordjylland
5%
Lebanon NNorth
5%
Estonia PParnu
5%
Russia PPrimorsky
5%
UAE SSharjah
5%
UAE SSharjah
5%
Sweden SSkane
5%
Tunisia SSousse
5%
Lebanon SSouth
5%
Egypt S SSouth Sinai
5%
Egypt SSuez
5%
Thailand TTrat
5%
Latvia VVentspils / Ventspils City
5%
Poland W PWest Pomerania
5%
Turkey YYalova
5%
China ZZhejiang
5%
Yemen AAbyan
0%
Qatar A DAd-Dawhah
0%
Kuwait AAhmadi
0%
Algeria A TAin Temouchent
0%
Libya AAjdabiya
0%
UAE AAjman
0%
Lebanon AAkkar
0%
Nigeria A IAkwa Ibom
0%
Kuwait A A or A kAl Asimah or Al Kuwayth
0%
Oman A BAl Batinah
0%
Qatar A DAl Daayen
0%
Yemen A HAl Hudaydah
0%
Qatar A KAl Khor
0%
Qatar A KAl Khor
0%
Libya A KAl Khums
0%
Yemen A MAl Mahrah
0%
Qatar A RAl Rayyan
0%
Qatar A SAl-Shahaniya
0%
Qatar A SAl Shamal
0%
Egypt SAl Sharqia
0%
Qatar A WAl Wakrah
0%
Oman A WAl Wusta
0%
India A PAndhra Pradesh
0%
Algeria AAnnaba
0%
Jordan AAquaba
0%
Tunisia AAriana
0%
Djibouti AArta
0%
Djibouti AArta
0%
Oman A SAsh Sharqiyah
0%
Saudi Arabia AAsir
0%
Benin AAtlantique
0%
Norway A AAust-Agder
0%
Somalia AAwdal
0%
Myanmar AAyeyarwady
0%
Libya AAziziya
0%
Vietnam B LBac Lieu
0%
Myanmar BBago
0%
Turkey BBalikesir
0%
Somalia BBanaadir
0%
Somalia BBari
0%
Vietnam B R V TBa Ria-Vung Tau
0%
Bangladesh BBarishal
0%
Nigeria BBayelsa
0%
Egypt BBeheira
0%
Tunisia BBeja
0%
Algeria BBejaia
0%
Tunisia B ABen Arous
0%
Angola BBengo
0%
Angola BBengo
0%
Angola BBenguela
0%
Vietnam B TBen Tre
0%
Vietnam B DBinh Dinh
0%
Vietnam B TBinh Thuan
0%
Guinea Bissau BBiombo
0%
Tunisia BBizerte
0%
Sweden BBlekinge
0%
Guinea BBoke
0%
Liberia BBomi
0%
Algeria BBoumerdes
0%
Gambia BBrikama
0%
Iran BBushehr
0%
Libya BButnan
0%
Mozambique C DCabo Delago
0%
Guinea Bissau CCacheu
0%
Vietnam C MCa Mau
0%
Finland C OCentral Ostrobothnia
0%
Ghana C RCentral Region
0%
Thailand CChachoengsao
0%
Thailand CChanthaburi
0%
Algeria CChlef
0%
Thailand CChonburi
0%
Russia CChukotka
0%
Thailand CChumphon
0%
Nigeria C RCross River
0%
Angola C SCuanza Sul
0%
Egypt D / DDakahlia / Damietta
0%
Morocco D Q E DDakhla-Oued Ed-Dahab
0%
Mauritania D NDakhlet Nouadhibou
0%
India DDaman
0%
Nigeria DDelta
0%
Libya DDerna
0%
Oman DDhofar
0%
India DDiu
0%
Vietnam D NDong Nai
0%
Algeria E TEl Taref
0%
Namibia EErongo
0%
Gabon EEstuaire
0%
Libya FFati
0%
Senegal FFatick
0%
Netherlands FFlevoland
0%
UAE FFujairah
0%
UAE FFujairah
0%
Tunisia GGabes
0%
Somalia GGalguduud
0%
Sweden GGalveborg
0%
South Korea GGangwon
0%
Mozambique GGaza
0%
Ivory Coast GGbokle
0%
Liberia G BGrand Bassa
0%
Liberia G CGrand Cape
0%
Liberia G KGrand Kru
0%
Ivory Coast G PGrands-Ponts
0%
Ghana G AGreater Accra
0%
Morocco G O NGuelmim-Oued Noun
0%
South Korea GGyeonggi
0%
South Korea GGyeonggi
0%
South Korea GGyeonggi
0%
Yemen HHadhramaut
0%
Vietnam H PHai Phong
0%
Yemen HHajjah
0%
Sweden HHalland
0%
Namibia HHardap
0%
Estonia HHarju
0%
Vietnam H THa Tinh
0%
Kuwait HHawalli
0%
Norway HHordaland
0%
Iran HHormozgan
0%
Estonia I VIda-Viru
0%
Mauritania IInchiri
0%
Mozambique IInhambane
0%
Egypt IIsmailia
0%
Libya J a AJabal al Akhdar
0%
Kuwait JJahra
0%
Tunisia JJendouba
0%
Algeria JJijel
0%
Saudi Arabia JJizan
0%
Malysia JJohor
0%
Latvia JJurmala
0%
Egypt K E SKafr El Sheikh
0%
Sweden KKalmar
0%
Cambodia KKampot
0%
Cambodia KKampot
0%
North Korea KKangwon
0%
Gambia KKanifing
0%
Namibia !K!Karas
0%
India KKarnataka
0%
Malaysia KKedah
0%
Malaysia KKelantan
0%
Cambodia KKep
0%
Gambia KKerewan
0%
Vietnam K HKhank Hoa
0%
Bangladesh KKhulna
0%
Iran KKhuzestan
0%
Vietnam K GKien Giang
0%
Kenya KKilifi
0%
Guinea KKinda
0%
Guinea KKinda
0%
Cambodia K KKoh Kong
0%
DRC K CKongo Central
0%
Namibia KKunene
0%
Kenya KKwale
0%
Finland KKymenlaakso
0%
Estonia LLaane
0%
Estonia L VLaane-Viru
0%
Morocco L S E HLaayounde-Sakia El Hamra
0%
Yemen LLahij
0%
Kenya LLamu
0%
Latvia LLimbazi
0%
Tanzania LLindi
0%
Equatorial Guinea LLitoral
0%
Benin LLittoral
0%
Cameroon L RLittoral Region
0%
Senegal LLouga
0%
Somalia L JLower Juba
0%
Somalia L SLower Shabelle
0%
Russia MMagadan
0%
Tunisia MMahdia
0%
Liberia MMargibi
0%
Togo MMaritime Region
0%
Morocco M SMarrakesh-Safi
0%
Liberia MMaryland
0%
Egypt MMatruh
0%
Tunisia MMedenine
0%
Somalia M JMiddle Juba
0%
Somalia M SMiddle Shabelle
0%
Libya MMisrata
0%
Myanmar MMon
0%
Benin MMono
0%
Liberia MMontserrado
0%
Norway M o RMore og Romsdal
0%
Algeria MMostaganem
0%
Tanzania MMtwara
0%
Kuwait M A KMubarak Al-Kabeer
0%
Somalia MMudug
0%
Tunisia NNabeul
0%
Thailand N S TNakhon Si Thammarat
0%
Vietnam N DNam Dinh
0%
Angola NNamibe
0%
Mozambique NNampula
0%
Thailand NNarathiwat
0%
Malaysia N SNegeri Sembilan
0%
Russia NNenets
0%
Vietnam N ANghe An
0%
Vietnam N BNinh Binh
0%
Vietnam N TNinh Thuan
0%
Norway NNordland
0%
Norway N TNord-Trondelag
0%
Sweden NNorrbotten
0%
Finland N ONorthern Ostrobothnia
0%
South Korea N GNorth Gyeongsang
0%
North Korea N HNorth Hamgyong
0%
North Korea N HNorth Hwanghae
0%
South Korea N JNorth Jeolla
0%
North Korea N PNorth Pyongan
0%
Egypt N SNorth Sinai
0%
Sierra Leone N W PNorth West Province
0%
Somalia NNugal
0%
Libya N a KNuqat al Khams
0%
Gabon NNyanga
0%
Djibouti OObock
0%
India OOdisha
0%
Gabon O MOgooue-Maritime
0%
Nigeria OOgun
0%
Guinea Bissau OOio
0%
Nigeria OOndo
0%
Morocco OOriental
0%
Sweden OOstergotland
0%
Norway OOstfold
0%
Finland OOstrobothnia
0%
Benin OOueme
0%
Netherlands OOverijssel
0%
Malaysia PPahang
0%
Thailand PPattani
0%
Malaysia PPerak
0%
Malaysia PPerlis
0%
Thailand P NPhang Nga
0%
Thailand P NPhang Nga
0%
Thailand PPhetchaburi
0%
Vietnam P YPhu Yen
0%
Thailand P K KPrachuap Khiri Khan
0%
Cambodia P SPreah Sihanouk
0%
Tanzania PPwani
0%
Tanzania PPwani
0%
Vietnam Q BQuang Binh
0%
Vietnam Q NQuang Nam
0%
Vietnam Q NQuang Ngai
0%
Vietnam Q NQuang Ninh
0%
Vietnam Q TQuang Tri
0%
Guinea Bissau QQuinara
0%
Myanmar RRakhine
0%
Thailand RRanong
0%
UAE R A KRas al-Khaimah
0%
North Korea RRason
0%
Thailand RRayong
0%
Liberia RRivercess
0%
Nigeria RRivers
0%
Norway RRogaland
0%
Senegal S LSaint-Louis
0%
Russia SSakha
0%
Thailand S PSamut Prakan
0%
Thailand S SSamut Sakhon
0%
Thailand S SSamut Songkhram
0%
Somalia SSanaag
0%
Ivory Coast S PSan-Pedro
0%
Finland SSatakunta
0%
Thailand SSatun
0%
Libya SSawfajjin
0%
Malaysia SSelangor
0%
Yemen SShabwah
0%
Pakistan SSindh
0%
Liberia SSinoe
0%
Libya SSirte
0%
Iran S a BSistan and Baluchestan
0%
Algeria SSkikda
0%
Vietnam S TSoc Trang
0%
Sweden SSodermanland
0%
Mozambique SSofala
0%
Norway S o FSogn og Fjordane
0%
Thailand SSongkhla
0%
Norway S TSor-Trondelag
0%
Morocco S MSouss-Massa
0%
South Korea S CSouth Chungcheong
0%
Sierra Leone S PSouthern Province
0%
South Korea S GSouth Gyeongsang
0%
North Korea S HSouth Hamyong
0%
North Korea S HSouth Hwanghae
0%
South Korea S JSouth Jeolla
0%
North Korea S PSouth Pyongan / Nampo
0%
Cameroon S RSouth Region
0%
Cameroon S RSouthwest Region
0%
Ivory Coast S CSud-Comoe
0%
Denmark SSyddanmark
0%
Denmark SSyddanmark
0%
Saudi Arabia TTabuk
0%
Djibouti TTadjourah
0%
Yemen TTaiz
0%
Latvia TTalsi
0%
Kenya T RTana River
0%
Tanzania TTanga
0%
Morocco T T A HTanger-Tetouan-Al Hoceima
0%
Myanmar TTanintharyi
0%
Syria TTartus
0%
Malaysia TTerengganu
0%
Vietnam T BThai Binh
0%
Vietnam T HThanh Hoa
0%
Senegal TThies
0%
Senegal TThies
0%
Vietnam T T HThua Thien-Hue
0%
Vietnam T GTien Giang
0%
Algeria TTipaza
0%
Algeria T OTizi Ouzou
0%
Algeria TTlemcen
0%
Guinea Bissau TTombali
0%
Thailand TTrang
0%
Mauritania TTrarza
0%
Mauritania TTrarza
0%
Vietnam T VTra Vinh
0%
Latvia TTukums
0%
UAE U A QUmm al-Quwain
0%
Finland UUusimaa
0%
Sweden VVasterbotten
0%
Sweden VVasternorrland
0%
Sweden V GVastra Gotaland
0%
Norway V AVest-Agder
0%
Norway VVestfold
0%
Ghana VVolta
0%
Poland W MWarmian-Masurian
0%
Sierra Leone W AWestern Area
0%
Ghana W RWestern Region
0%
Somalia W GWoqooyi Galbeed
0%
Russia Y NYamalo Nenets
0%
Angola ZZaire
0%
Mozambique ZZambezia
0%
Libya ZZawiya
0%
Senegal ZZiguinchor
0%
Libya ZZlitan
0%

Score Distribution

Percentile by Number Answered

Percent of People with Each Score

Your Score History

You have not taken this quiz since the last reset